[Event "46th Greek Team Championship"]
[Site "chess24.com"]
[Date "2018.07.13"]
[Round "5"]
[White "Krasteva, Beloslava"]
[Black "Markantonaki, Haritomeni"]
[Result "1-0"]
[Board "5"]
[WhiteElo "2086"]
[WhiteTitle "WCM"]
[WhiteCountry "FID"]
[WhiteFideId "2922029"]
[WhiteEloChange "12"]
[BlackElo "2152"]
[BlackTitle "WFM"]
[BlackCountry "GRE"]
[BlackFideId "4207050"]
[BlackEloChange "-12"]

1. d4 {[%clk 1:30:47]} Nf6 {[%clk 1:30:52]} 2. c4 {[%clk 1:31:07]} e6 {[%clk
1:31:16]} 3. Nc3 {[%clk 1:31:26]} Bb4 {[%clk 1:31:31]} 4. e3 {[%clk 1:31:40]} O-O
{[%clk 1:31:35]} 5. Bd3 {[%clk 1:31:49]} c5 {[%clk 1:31:19]} 6. Ne2 {[%clk
1:31:50]} d5 {[%clk 1:31:15]} 7. cxd5 {[%clk 1:31:40]} cxd4 {[%clk 1:31:12]} 8.
exd4 {[%clk 1:31:46]} Nxd5 {[%clk 1:31:24]} 9. O-O {[%clk 1:31:38]} Nc6 {[%clk
1:30:45]} 10. Nxd5 {[%clk 1:31:24]} exd5 {[%clk 1:28:18]} 11. a3 {[%clk 1:31:26]}
Be7 {[%clk 1:22:24]} 12. Nf4 {[%clk 1:30:24]} g6 {[%clk 1:20:49]} 13. Be3 {[%clk
1:28:21]} Bf6 {[%clk 1:19:19]} 14. Rc1 {[%clk 1:26:55]} Ne7 {[%clk 1:10:08]} 15.
Qf3 {[%clk 1:14:25]} Be6 {[%clk 1:02:00]} 16. Nh5 {[%clk 1:09:48]} Bh8 {[%clk
0:56:40]} 17. Nf6+ {[%clk 1:06:51]} Bxf6 {[%clk 0:57:04]} 18. Qxf6 {[%clk
1:07:17]} Nf5 {[%clk 0:57:05]} 19. Qe5 {[%clk 1:03:57]} Nxe3 {[%clk 0:44:50]} 20.
Qxe3 {[%clk 0:59:39]} Re8 {[%clk 0:42:56]} 21. Qf4 {[%clk 0:54:57]} Qb6 {[%clk
0:38:53]} 22. b4 {[%clk 0:50:36]} a5 {[%clk 0:38:59]} 23. b5 {[%clk 0:49:53]}
Rac8 {[%clk 0:38:52]} 24. a4 {[%clk 0:46:44]} Bd7 {[%clk 0:37:46]} 25. h4 {[%clk
0:41:48]} Qe6 {[%clk 0:36:01]} 26. h5 {[%clk 0:38:20]} Qg4 {[%clk 0:34:53]} 27.
Qxg4 {[%clk 0:29:43]} Bxg4 {[%clk 0:35:21]} 28. hxg6 {[%clk 0:29:48]} hxg6 {[%clk
0:35:30]} 29. Rc5 {[%clk 0:29:23]} Be6 {[%clk 0:32:04]} 30. Rfc1 {[%clk 0:19:40]}
Kf8 {[%clk 0:25:10]} 31. b6 {[%clk 0:16:19]} Ke7 {[%clk 0:22:15]} 32. R1c2 {[%clk
0:14:20]} Kd6 {[%clk 0:19:27]} 33. Bb5 {[%clk 0:12:19]} Rh8 {[%clk 0:18:18]} 34.
Rc7 {[%clk 0:11:55]} g5 {[%clk 0:15:08]} 35. R2c5 {[%clk 0:10:11]} Rhg8 {[%clk
0:08:02]} 36. Kf1 {[%clk 0:09:46]} Rh8 {[%clk 0:08:28]} 37. Ke2 {[%clk 0:09:52]}
Rhg8 {[%clk 0:07:53]} 38. Kd2 {[%clk 0:10:12]} Rh8 {[%clk 0:08:18]} 39. Ke2
{[%clk 0:10:19]} Rhg8 {[%clk 0:08:31]} 40. Kd2 {[%clk 0:40:39]} Rh8 {[%clk
0:38:58]} 41. Rc3 {[%clk 0:36:26]} Rhg8 {[%clk 0:37:55]} 42. Rxb7 {[%clk
0:34:01]} Rxc3 {[%clk 0:30:48]} 43. Kxc3 {[%clk 0:34:21]} Rc8+ {[%clk 0:31:13]}
44. Kd2 {[%clk 0:33:11]} Ra8 {[%clk 0:30:41]} 45. Kc3 {[%clk 0:26:11]} Rc8+
{[%clk 0:30:46]} 46. Kb3 {[%clk 0:24:56]} Ra8 {[%clk 0:30:37]} 47. Ra7 {[%clk
0:19:46]} Rb8 {[%clk 0:30:59]} 48. Rxa5 {[%clk 0:19:13]} Rxb6 {[%clk 0:31:15]}
49. Ra8 {[%clk 0:18:44]} g4 {[%clk 0:18:48]} 50. Kb4 {[%clk 0:18:36]} Bf5 {[%clk
0:18:33]} 51. a5 {[%clk 0:17:55]} Rb7 {[%clk 0:18:57]} 52. Ra6+ {[%clk 0:18:06]}
Ke7 {[%clk 0:18:32]} 53. Kc5 {[%clk 0:17:35]} Rc7+ {[%clk 0:15:57]} 54. Rc6
{[%clk 0:17:35]} Ra7 {[%clk 0:15:03]} 55. Kb6 {[%clk 0:17:21]} Ra8 {[%clk
0:14:56]} 56. Rc7+ {[%clk 0:17:26]} Kd6 {[%clk 0:13:58]} 57. a6 {[%clk 0:17:23]}
Rb8+ {[%clk 0:13:42]} 58. Rb7 {[%clk 0:17:37]} Ra8 {[%clk 0:12:39]} 59. a7 {[%clk
0:17:54]} 1-0

[Event "46th Greek Team Championship"]
[Site "chess24.com"]
[Date "2018.07.13"]
[Round "5"]
[White "Bardis, Harilaos-Panagiotis"]
[Black "Damianou, Ioannis"]
[Result "1-0"]
[Board "9"]
[WhiteElo "1866"]
[WhiteCountry "GRE"]
[WhiteFideId "4252624"]
[WhiteEloChange "15"]
[BlackElo "2058"]
[BlackCountry "CYP"]
[BlackFideId "5902355"]
[BlackEloChange "-15"]

1. e4 {[%clk 1:30:58]} c5 {[%clk 1:30:25]} 2. Nf3 {[%clk 1:31:23]} d6 {[%clk
1:30:19]} 3. Bb5+ {[%clk 1:31:49]} Nd7 {[%clk 1:30:42]} 4. c3 {[%clk 1:32:07]}
Nf6 {[%clk 1:29:55]} 5. Bd3 {[%clk 1:30:17]} e6 {[%clk 1:27:32]} 6. Bc2 {[%clk
1:29:56]} c4 {[%clk 1:27:30]} 7. O-O {[%clk 1:30:14]} Nc5 {[%clk 1:26:33]} 8. Qe2
{[%clk 1:26:54]} b5 {[%clk 1:22:59]} 9. a4 {[%clk 1:20:51]} Nxa4 {[%clk 1:19:48]}
10. Bxa4 {[%clk 1:19:45]} bxa4 {[%clk 1:20:13]} 11. Qxc4 {[%clk 1:19:02]} Bd7
{[%clk 1:20:31]} 12. e5 {[%clk 1:18:23]} d5 {[%clk 1:13:33]} 13. Qf4 {[%clk
1:11:27]} Ne4 {[%clk 1:12:53]} 14. d4 {[%clk 1:10:49]} Be7 {[%clk 1:11:02]} 15.
Qg4 {[%clk 1:09:19]} Kf8 {[%clk 1:07:45]} 16. h4 {[%clk 0:57:11]} h6 {[%clk
1:02:21]} 17. g3 {[%clk 0:55:35]} Kg8 {[%clk 1:01:35]} 18. Nh2 {[%clk 0:50:34]}
Bb5 {[%clk 0:47:51]} 19. Re1 {[%clk 0:45:30]} h5 {[%clk 0:46:13]} 20. Qh3 {[%clk
0:41:28]} Kh7 {[%clk 0:37:11]} 21. Na3 {[%clk 0:35:33]} Bd7 {[%clk 0:30:17]} 22.
Rf1 {[%clk 0:34:02]} f6 {[%clk 0:30:38]} 23. f3 {[%clk 0:34:02]} fxe5 {[%clk
0:30:38]} 24. fxe4 {[%clk 0:34:22]} exd4 {[%clk 0:30:51]} 25. cxd4 {[%clk
0:30:48]} dxe4 {[%clk 0:29:50]} 26. Be3 {[%clk 0:30:30]} Qb6 {[%clk 0:29:08]} 27.
Nc4 {[%clk 0:29:43]} Qb3 {[%clk 0:29:23]} 28. Qg2 {[%clk 0:29:58]} Bc6 {[%clk
0:27:14]} 29. Rac1 {[%clk 0:30:14]} Rac8 {[%clk 0:25:13]} 30. Rc3 {[%clk
0:30:23]} Qa2 {[%clk 0:23:36]} 31. Ne5 {[%clk 0:28:48]} Bd5 {[%clk 0:23:08]} 32.
Qe2 {[%clk 0:27:50]} Rxc3 {[%clk 0:21:01]} 33. Qxh5+ {[%clk 0:28:14]} Kg8 {[%clk
0:21:25]} 34. Qf7+ {[%clk 0:28:13]} Kh7 {[%clk 0:21:46]} 35. bxc3 {[%clk
0:28:22]} Qe2 {[%clk 0:20:38]} 36. Nhg4 {[%clk 0:28:37]} 1-0

[Event "46th Greek Team Championship"]
[Site "chess24.com"]
[Date "2018.07.13"]
[Round "5"]
[White "Symeonidis, Theofilos"]
[Black "Bebis, Epaminondas-Alexandros"]
[Result "0-1"]
[Board "8"]
[WhiteElo "1605"]
[WhiteCountry "GRE"]
[WhiteFideId "25873806"]
[WhiteEloChange "-11"]
[BlackElo "1554"]
[BlackCountry "GRE"]
[BlackFideId "4262930"]
[BlackEloChange "11"]

1. d4 {[%clk 1:30:57]} Nf6 {[%clk 1:30:50]} 2. Nf3 {[%clk 1:31:16]} e6 {[%clk
1:30:22]} 3. c4 {[%clk 1:31:12]} c5 {[%clk 1:29:22]} 4. Nc3 {[%clk 1:27:52]} cxd4
{[%clk 1:25:34]} 5. Nxd4 {[%clk 1:28:09]} a6 {[%clk 1:22:26]} 6. e4 {[%clk
1:23:38]} Bb4 {[%clk 1:22:26]} 7. f3 {[%clk 1:11:02]} O-O {[%clk 1:07:25]} 8. Be2
{[%clk 1:07:47]} Qb6 {[%clk 0:54:03]} 9. Be3 {[%clk 1:00:39]} d5 {[%clk 0:45:09]}
10. cxd5 {[%clk 0:38:07]} exd5 {[%clk 0:43:58]} 11. e5 {[%clk 0:37:05]} Nfd7
{[%clk 0:34:27]} 12. f4 {[%clk 0:28:11]} Nc5 {[%clk 0:29:06]} 13. O-O {[%clk
0:22:42]} Bxc3 {[%clk 0:28:43]} 14. bxc3 {[%clk 0:23:06]} Ne4 {[%clk 0:28:20]}
15. Bd3 {[%clk 0:15:18]} Nc6 {[%clk 0:22:39]} 16. Qc2 {[%clk 0:11:00]} Nxd4
{[%clk 0:22:05]} 17. Bxd4 {[%clk 0:10:41]} Qc6 {[%clk 0:22:30]} 18. f5 {[%clk
0:09:57]} b5 {[%clk 0:20:08]} 19. Rae1 {[%clk 0:08:17]} Bb7 {[%clk 0:20:31]} 20.
Re3 {[%clk 0:04:38]} Rac8 {[%clk 0:20:02]} 21. Bxe4 {[%clk 0:04:28]} dxe4 {[%clk
0:20:30]} 22. f6 {[%clk 0:04:28]} Rfd8 {[%clk 0:20:16]} 23. Qd2 {[%clk 0:02:48]}
Rxd4 {[%clk 0:17:34]} 24. cxd4 {[%clk 0:02:25]} Qc2 {[%clk 0:18:03]} 25. Qxc2
{[%clk 0:01:44]} Rxc2 {[%clk 0:18:31]} 26. Rd1 {[%clk 0:00:46]} Bd5 {[%clk
0:19:00]} 27. Ra3 {[%clk 0:00:41]} e3 {[%clk 0:19:19]} 28. Rxe3 {[%clk 0:00:31]}
Rxg2+ {[%clk 0:19:47]} 29. Kf1 {[%clk 0:00:44]} Rxh2 {[%clk 0:20:15]} 30. Ra3
{[%clk 0:00:32]} gxf6 {[%clk 0:20:32]} 31. exf6 {[%clk 0:00:37]} h6 {[%clk
0:20:52]} 32. Re1 {[%clk 0:00:32]} b4 {[%clk 0:21:10]} 33. Re8+ {[%clk 0:00:34]}
Kh7 {[%clk 0:21:33]} 34. Rg3 {[%clk 0:00:39]} Rh1+ {[%clk 0:21:46]} 35. Kf2
{[%clk 0:00:49]} Rh2+ {[%clk 0:22:04]} 36. Ke3 {[%clk 0:00:54]} Rg2 {[%clk
0:22:10]} 37. Rxg2 {[%clk 0:00:41]} Bxg2 {[%clk 0:22:39]} 0-1

[Event "46th Greek Team Championship"]
[Site "chess24.com"]
[Date "2018.07.14"]
[Round "6"]
[White "Kaliontzaki, Argyro Evanthia"]
[Black "Bastianou, Chrysoula"]
[Result "0-1"]
[Board "7"]
[WhiteElo "1346"]
[WhiteCountry "GRE"]
[WhiteFideId "25818350"]
[WhiteEloChange "-2"]
[BlackElo "1710"]
[BlackCountry "GRE"]
[BlackFideId "4294106"]
[BlackEloChange "2"]

1. e4 {[%clk 1:30:58]} e6 {[%clk 1:30:50]} 2. d4 {[%clk 1:31:23]} d5 {[%clk
1:31:16]} 3. Nd2 {[%clk 1:31:48]} c5 {[%clk 1:31:40]} 4. exd5 {[%clk 1:32:01]}
Qxd5 {[%clk 1:31:59]} 5. dxc5 {[%clk 1:32:11]} Bxc5 {[%clk 1:29:03]} 6. Ngf3
{[%clk 1:31:12]} Nf6 {[%clk 1:28:31]} 7. Bc4 {[%clk 1:30:33]} Qh5 {[%clk
1:27:06]} 8. O-O {[%clk 1:27:03]} O-O {[%clk 1:26:38]} 9. Nb3 {[%clk 1:23:40]}
Bb6 {[%clk 1:25:27]} 10. Qe2 {[%clk 1:15:56]} Nc6 {[%clk 1:14:45]} 11. Be3 {[%clk
1:12:53]} Bxe3 {[%clk 1:11:10]} 12. Qxe3 {[%clk 1:13:15]} b6 {[%clk 1:09:48]} 13.
Rad1 {[%clk 1:10:57]} Bb7 {[%clk 1:07:23]} 14. Qe2 {[%clk 1:04:06]} Ne7 {[%clk
0:59:42]} 15. Nbd4 {[%clk 0:57:41]} Ned5 {[%clk 0:56:03]} 16. Ne5 {[%clk
0:48:14]} Qxe2 {[%clk 0:54:21]} 17. Bxe2 {[%clk 0:48:02]} Nf4 {[%clk 0:51:55]}
18. Bf3 {[%clk 0:45:34]} Bxf3 {[%clk 0:51:48]} 19. Ndxf3 {[%clk 0:42:58]} Rac8
{[%clk 0:47:24]} 20. Nd4 {[%clk 0:37:35]} Rc5 {[%clk 0:38:20]} 21. Rfe1 {[%clk
0:32:22]} h6 {[%clk 0:27:04]} 22. c3 {[%clk 0:29:44]} Kh7 {[%clk 0:24:17]} 23.
Ndc6 {[%clk 0:24:28]} Ng6 {[%clk 0:22:49]} 24. Rd6 {[%clk 0:19:45]} Nxe5 {[%clk
0:12:33]} 25. Nxe5 {[%clk 0:19:08]} Ra5 {[%clk 0:12:39]} 26. a3 {[%clk 0:17:07]}
Rb5 {[%clk 0:11:08]} 27. Re2 {[%clk 0:12:19]} Rc8 {[%clk 0:08:42]} 28. Nc6 {[%clk
0:10:43]} Ne8 {[%clk 0:07:31]} 29. Nxa7 {[%clk 0:08:32]} Nxd6 {[%clk 0:07:56]}
30. Nxb5 {[%clk 0:05:44]} Nxb5 {[%clk 0:08:12]} 31. Rd2 {[%clk 0:05:51]} Rc7
{[%clk 0:07:26]} 32. Kf1 {[%clk 0:05:38]} Kg6 {[%clk 0:07:32]} 33. Ke2 {[%clk
0:05:51]} Kf6 {[%clk 0:07:52]} 34. Ke3 {[%clk 0:05:16]} Ke7 {[%clk 0:07:55]} 35.
f3 {[%clk 0:04:51]} Nd6 {[%clk 0:08:00]} 0-1

[Event "46th Greek Team Championship"]
[Site "chess24.com"]
[Date "2018.07.14"]
[Round "6"]
[White "Stefanou, Dimitrios"]
[Black "Koutlas, Nikolaos"]
[Result "1-0"]
[Board "10"]
[WhiteElo "1824"]
[WhiteCountry "GRE"]
[WhiteFideId "25825011"]
[WhiteEloChange "10"]
[BlackElo "1811"]
[BlackCountry "GRE"]
[BlackFideId "25827138"]
[BlackEloChange "-10"]

1. d4 {[%clk 1:30:53]} Nf6 {[%clk 1:30:52]} 2. c4 {[%clk 1:31:02]} e6 {[%clk
1:31:17]} 3. Nc3 {[%clk 1:31:23]} Bb4 {[%clk 1:31:41]} 4. e3 {[%clk 1:31:44]} O-O
{[%clk 1:32:04]} 5. Ne2 {[%clk 1:32:00]} d5 {[%clk 1:32:10]} 6. a3 {[%clk
1:31:46]} Bd6 {[%clk 1:32:13]} 7. c5 {[%clk 1:21:53]} Be7 {[%clk 1:32:32]} 8. Nf4
{[%clk 1:21:07]} b6 {[%clk 1:29:21]} 9. b4 {[%clk 1:19:33]} a5 {[%clk 1:28:36]}
10. Bb2 {[%clk 1:17:26]} Nfd7 {[%clk 1:17:55]} 11. Be2 {[%clk 1:05:23]} c6 {[%clk
1:12:48]} 12. Nd3 {[%clk 0:53:08]} Ba6 {[%clk 1:08:19]} 13. O-O {[%clk 0:48:35]}
bxc5 {[%clk 1:03:15]} 14. bxc5 {[%clk 0:47:28]} e5 {[%clk 0:59:12]} 15. Nxe5
{[%clk 0:40:38]} Bxe2 {[%clk 0:57:55]} 16. Nxe2 {[%clk 0:40:34]} Nxe5 {[%clk
0:57:34]} 17. dxe5 {[%clk 0:40:55]} Bxc5 {[%clk 0:57:18]} 18. Nf4 {[%clk
0:39:56]} Qe7 {[%clk 0:51:45]} 19. Qg4 {[%clk 0:34:22]} Nd7 {[%clk 0:42:18]} 20.
Nh5 {[%clk 0:27:20]} g6 {[%clk 0:42:02]} 21. Qxd7 {[%clk 0:23:16]} gxh5 {[%clk
0:41:32]} 22. Qxc6 {[%clk 0:23:06]} Rab8 {[%clk 0:36:44]} 23. Bd4 {[%clk
0:20:13]} Bxa3 {[%clk 0:35:35]} 24. Qxd5 {[%clk 0:20:13]} Bb4 {[%clk 0:35:26]}
25. f4 {[%clk 0:16:02]} Rfd8 {[%clk 0:33:42]} 26. Qe4 {[%clk 0:12:40]} Rb5 {[%clk
0:31:01]} 27. f5 {[%clk 0:09:49]} f6 {[%clk 0:28:01]} 28. e6 {[%clk 0:07:46]}
Rbd5 {[%clk 0:27:35]} 29. Kh1 {[%clk 0:05:16]} R5d6 {[%clk 0:23:57]} 30. Qh4
{[%clk 0:05:01]} Rf8 {[%clk 0:23:27]} 31. Qxh5 {[%clk 0:05:04]} Ra6 {[%clk
0:23:25]} 32. Qh4 {[%clk 0:04:00]} a4 {[%clk 0:22:31]} 33. Rac1 {[%clk 0:03:39]}
a3 {[%clk 0:22:07]} 34. Qg3+ {[%clk 0:03:23]} Qg7 {[%clk 0:20:47]} 35. Qxg7+
{[%clk 0:03:30]} Kxg7 {[%clk 0:21:15]} 36. Rc7+ {[%clk 0:03:49]} Kg8 {[%clk
0:21:37]} 37. Rb7 {[%clk 0:03:06]} Bd6 {[%clk 0:21:04]} 38. Ra1 {[%clk 0:02:33]}
a2 {[%clk 0:20:36]} 39. g3 {[%clk 0:02:34]} Rc8 {[%clk 0:19:31]} 40. Bxf6 {[%clk
0:31:02]} Rc2 {[%clk 0:48:32]} 41. Rg7+ {[%clk 0:26:26]} Kf8 {[%clk 0:48:49]} 1-0

[Event "46th Greek Team Championship"]
[Site "chess24.com"]
[Date "2018.07.14"]
[Round "6"]
[White "Magklaras, Panagiotis"]
[Black "Stefanou, Konstantinos"]
[Result "0-1"]
[Board "10"]
[WhiteElo "1131"]
[WhiteCountry "GRE"]
[WhiteFideId "25834789"]
[WhiteEloChange "-2"]
[BlackElo "1677"]
[BlackCountry "GRE"]
[BlackFideId "25825003"]
[BlackEloChange "2"]

1. e4 {[%clk 1:30:57]} c5 {[%clk 1:30:55]} 2. Nf3 {[%clk 1:31:23]} e6 {[%clk
1:31:23]} 3. d4 {[%clk 1:31:49]} cxd4 {[%clk 1:31:51]} 4. Nxd4 {[%clk 1:32:12]}
Nc6 {[%clk 1:32:16]} 5. Nc3 {[%clk 1:32:27]} Qc7 {[%clk 1:32:42]} 6. Be2 {[%clk
1:32:12]} a6 {[%clk 1:33:08]} 7. O-O {[%clk 1:32:27]} Nf6 {[%clk 1:33:24]} 8. Be3
{[%clk 1:32:20]} d6 {[%clk 1:33:41]} 9. Kh1 {[%clk 1:32:29]} Be7 {[%clk 1:32:24]}
10. f4 {[%clk 1:32:32]} Bd7 {[%clk 1:28:40]} 11. a3 {[%clk 1:29:49]} O-O {[%clk
1:26:53]} 12. Qe1 {[%clk 1:29:26]} Rac8 {[%clk 1:17:31]} 13. Nxc6 {[%clk
1:26:37]} Bxc6 {[%clk 1:16:44]} 14. Bd3 {[%clk 1:26:29]} e5 {[%clk 1:10:53]} 15.
fxe5 {[%clk 1:22:15]} dxe5 {[%clk 1:11:17]} 16. Qg3 {[%clk 1:22:38]} Kh8 {[%clk
1:02:27]} 17. Qf3 {[%clk 1:03:17]} Nd7 {[%clk 0:52:04]} 18. Nd5 {[%clk 0:47:28]}
Bxd5 {[%clk 0:51:04]} 19. exd5 {[%clk 0:46:20]} f5 {[%clk 0:50:51]} 20. Qg3
{[%clk 0:28:57]} e4 {[%clk 0:48:35]} 21. Bf4 {[%clk 0:23:17]} Qd8 {[%clk
0:45:03]} 22. Be2 {[%clk 0:20:54]} Rxc2 {[%clk 0:44:14]} 23. Rfe1 {[%clk
0:20:23]} Rxb2 {[%clk 0:42:29]} 24. Bc7 {[%clk 0:17:06]} Qe8 {[%clk 0:38:25]} 25.
Rab1 {[%clk 0:15:58]} Rxb1 {[%clk 0:35:47]} 26. Rxb1 {[%clk 0:16:20]} b5 {[%clk
0:35:35]} 27. a4 {[%clk 0:15:38]} bxa4 {[%clk 0:33:39]} 28. Bxa6 {[%clk 0:15:31]}
Qf7 {[%clk 0:32:34]} 29. d6 {[%clk 0:13:50]} Qa2 {[%clk 0:29:09]} 30. Rc1 {[%clk
0:11:38]} Bf6 {[%clk 0:27:27]} 31. Qe3 {[%clk 0:08:54]} Qb3 {[%clk 0:26:54]} 32.
Qe1 {[%clk 0:04:14]} Ne5 {[%clk 0:25:48]} 33. Rb1 {[%clk 0:04:08]} Qd5 {[%clk
0:25:36]} 34. Qb4 {[%clk 0:03:20]} Qf7 {[%clk 0:20:01]} 35. Qxa4 {[%clk 0:03:06]}
Qd5 {[%clk 0:18:51]} 36. Rd1 {[%clk 0:02:17]} Qc5 {[%clk 0:19:02]} 37. Qb5 {[%clk
0:01:40]} Qc2 {[%clk 0:19:12]} 38. Qe2 {[%clk 0:01:50]} Qc5 {[%clk 0:19:37]} 39.
Qb5 {[%clk 0:02:12]} Qe3 {[%clk 0:19:14]} 40. Qe2 {[%clk 0:32:07]} Qa7 {[%clk
0:46:56]} 41. Rf1 {[%clk 0:30:05]} g6 {[%clk 0:45:49]} 42. Rc1 {[%clk 0:18:37]}
Ng4 {[%clk 0:44:27]} 43. Rf1 {[%clk 0:18:25]} Bd4 {[%clk 0:41:49]} 44. h3 {[%clk
0:16:15]} Nf2+ {[%clk 0:40:36]} 45. Kh2 {[%clk 0:16:03]} Be5+ {[%clk 0:40:21]}
46. g3 {[%clk 0:11:23]} f4 {[%clk 0:40:21]} 47. gxf4 {[%clk 0:11:48]} Rxf4 {[%clk
0:41:04]} 48. Kg2 {[%clk 0:11:30]} e3 {[%clk 0:40:43]} 49. Rb1 {[%clk 0:05:14]}
Qd4 {[%clk 0:38:02]} 50. Bb7 {[%clk 0:05:22]} Nxh3 {[%clk 0:36:55]} 51. Bf3
{[%clk 0:03:08]} Rh4 {[%clk 0:35:10]} 52. Kf1 {[%clk 0:01:59]} Nf4 {[%clk
0:35:08]} 53. Qb5 {[%clk 0:01:24]} e2+ {[%clk 0:32:08]} 54. Ke1 {[%clk 0:01:27]}
Qc3+ {[%clk 0:32:34]} 55. Kf2 {[%clk 0:01:39]} Bd4+ {[%clk 0:32:59]} 56. Kg3
{[%clk 0:01:25]} e1Q+ {[%clk 0:33:11]} 0-1

[Event "46th Greek Team Championship"]
[Site "chess24.com"]
[Date "2018.07.14"]
[Round "6"]
[White "Gazis, Efstathios"]
[Black "Tsarouhas, Konstantinos"]
[Result "1/2-1/2"]
[Board "4"]
[WhiteElo "2195"]
[WhiteTitle "FM"]
[WhiteCountry "GRE"]
[WhiteFideId "4200659"]
[WhiteEloChange "-1"]
[BlackElo "2153"]
[BlackCountry "GRE"]
[BlackFideId "4201094"]
[BlackEloChange "1"]

1. e4 {[%clk 1:29:11]} c5 {[%clk 1:30:39]} 2. Nf3 {[%clk 1:29:04]} e6 {[%clk
1:31:00]} 3. d4 {[%clk 1:29:02]} cxd4 {[%clk 1:31:26]} 4. Nxd4 {[%clk 1:29:24]}
Nf6 {[%clk 1:31:50]} 5. Nc3 {[%clk 1:29:48]} d6 {[%clk 1:32:13]} 6. Be2 {[%clk
1:29:54]} a6 {[%clk 1:32:36]} 7. O-O {[%clk 1:29:52]} Qc7 {[%clk 1:32:16]} 8. f4
{[%clk 1:29:35]} Nbd7 {[%clk 1:31:36]} 9. Bf3 {[%clk 1:28:06]} Be7 {[%clk
1:26:07]} 10. Be3 {[%clk 1:27:08]} O-O {[%clk 1:26:24]} 11. Qe1 {[%clk 1:24:52]}
Nb6 {[%clk 1:14:24]} 12. Rd1 {[%clk 1:23:42]} Nc4 {[%clk 1:01:56]} 13. Bc1 {[%clk
1:23:24]} e5 {[%clk 0:59:56]} 14. fxe5 {[%clk 1:02:10]} dxe5 {[%clk 1:00:14]} 15.
Nb3 {[%clk 1:00:05]} Be6 {[%clk 0:47:54]} 16. Kh1 {[%clk 1:00:13]} Bb4 {[%clk
0:47:04]} 17. Qg3 {[%clk 0:55:05]} Bxc3 {[%clk 0:44:32]} 18. bxc3 {[%clk
0:51:06]} Ne8 {[%clk 0:37:27]} 19. Bg4 {[%clk 0:42:25]} Bxg4 {[%clk 0:30:22]} 20.
Qxg4 {[%clk 0:41:08]} Qc6 {[%clk 0:30:43]} 21. Qh4 {[%clk 0:29:16]} Nf6 {[%clk
0:27:15]} 22. Rde1 {[%clk 0:27:13]} Rfe8 {[%clk 0:23:02]} 23. Rf3 {[%clk
0:23:49]} Re6 {[%clk 0:20:14]} 24. Rh3 {[%clk 0:17:53]} Nd6 {[%clk 0:15:18]} 25.
Nd2 {[%clk 0:17:18]} h6 {[%clk 0:15:11]} 26. Rhe3 {[%clk 0:14:09]} Nd7 {[%clk
0:12:56]} 27. Nf1 {[%clk 0:14:04]} Nc4 {[%clk 0:12:26]} 28. Rf3 {[%clk 0:13:20]}
Rf6 {[%clk 0:12:03]} 29. Ng3 {[%clk 0:11:24]} Rxf3 {[%clk 0:11:01]} 30. gxf3
{[%clk 0:11:45]} Qf6 {[%clk 0:08:05]} 31. Qg4 {[%clk 0:11:38]} Nf8 {[%clk
0:07:04]} 32. Nh5 {[%clk 0:09:19]} Qg6 {[%clk 0:07:26]} 33. Qh4 {[%clk 0:06:50]}
Qe6 {[%clk 0:05:19]} 34. Rg1 {[%clk 0:06:29]} Ng6 {[%clk 0:04:08]} 35. Qf2 {[%clk
0:06:20]} Rd8 {[%clk 0:03:35]} 36. Ng3 {[%clk 0:05:24]} 1/2-1/2